000 00630cam a22002295a 4500
001 L159668
008 150226s2017 xxk f 000 0 eng d
035 _a(Sirsi) u159668
041 0 _aeng
100 1 _aMaslen, Cherry
245 0 0 _aLet's be civil about this
260 _c2017
490 _aModus
_vMay 2017, 26-29 (4)
520 _aInterviews with three surveyors who swapped a private life for public service and haven't looked back.
590 _aKA
650 2 4 _aPUBLIC SECTOR
650 2 4 _aSURVEYING
651 4 _aUnited States
_y1959-
651 4 _aUnited Kingdom
651 4 _aSwitzerland
942 _n0
_2ddc
999 _c84902
_d84902